000 00671nam a2200253 a 4500
005 20140414093849.0
008 110920s19uu xx 00 eng d
020 _a978-0-435966-90-4
050 _aCD 530
_bA752 2009
100 _aArnold, Brian
245 _aEdexcel IGCSE Physics :
_bActiveBook CD-ROM /
_cBrian Arnold, Steve Woolley, Penny Johnson.
260 _aEngland :
_bPearson education Limited,
_c2009.
650 _aPhysics
700 _aWoolley, Steve
700 _aJohnson, Penny
942 _cAVM
999 _c109794
_d109794